[Event "ODJM B 2024"]
[Site "Willingen GER"]
[Date "2024.05.22"]
[Round "5"]
[White "Langer, Paul Georg"]
[Black "Reuter, Luca Marek"]
[Result "1-0"]
[Termination "normal"]
[Board "5"]
[WhiteElo "1882"]
[BlackElo "1739"]
[WhiteClock "00:03:38"]
[BlackClock "00:34:29"]
[PlyCount "103"]
[WhiteFideId "16230051"]
[BlackFideId "16226712"]
[EventCountry "GER"]
[EventRounds "9"]
[EventType "swiss"]
[EventDate "2024.05.18"]

1. d4 {[%clk 01:30:55]} {[%emt 00:00:05]} d5 {[%clk 01:29:43]} {[%emt
00:01:17]} 2. Nc3 {[%clk 01:30:46]} {[%emt 00:00:38]} Nf6 {[%clk 01:28:40]}
{[%emt 00:01:33]} 3. Bf4 {[%clk 01:31:08]} {[%emt 00:00:08]} Bf5 {[%clk
01:28:42]} {[%emt 00:00:29]} 4. f3 {[%clk 01:31:13]} {[%emt 00:00:25]} h5
{[%clk 01:29:08]} {[%emt 00:00:05]} 5. e3 {[%clk 01:31:33]} {[%emt 00:00:09]}
e6 {[%clk 01:29:23]} {[%emt 00:00:15]} 6. Bd3 {[%clk 01:31:38]} {[%emt
00:00:25]} Bxd3 {[%clk 01:29:35]} {[%emt 00:00:18]} 7. Qxd3 {[%clk 01:32:03]}
{[%emt 00:00:05]} Bd6 {[%clk 01:30:01]} {[%emt 00:00:03]} 8. Nge2 {[%clk
01:31:16]} {[%emt 00:01:17]} Bxf4 {[%clk 01:29:29]} {[%emt 00:01:10]} 9. Nxf4
{[%clk 01:31:33]} {[%emt 00:00:05]} c6 {[%clk 01:29:43]} {[%emt 00:00:16]} 10.
O-O-O {[%clk 01:31:00]} {[%emt 00:01:03]} Qa5 {[%clk 01:29:25]} {[%emt
00:00:49]} 11. e4 {[%clk 01:30:30]} {[%emt 00:00:59]} Na6 {[%clk 01:29:27]}
{[%emt 00:00:28]} 12. exd5 {[%clk 01:18:43]} {[%emt 00:12:17]} cxd5 {[%clk
01:29:36]} {[%emt 00:00:21]} 13. Qb5+ {[%clk 01:17:42]} {[%emt 00:01:31]} Qxb5
{[%clk 01:29:54]} {[%emt 00:00:12]} 14. Nxb5 {[%clk 01:18:06]} {[%emt
00:00:07]} Kd7 {[%clk 01:29:55]} {[%emt 00:00:28]} 15. Nd3 {[%clk 01:16:09]}
{[%emt 00:02:27]} Kc6 {[%clk 01:28:52]} {[%emt 00:01:33]} 16. a4 {[%clk
01:15:23]} {[%emt 00:01:17]} Nd7 {[%clk 01:28:55]} {[%emt 00:00:27]} 17. b3
{[%clk 01:06:56]} {[%emt 00:08:56]} Nc7 {[%clk 01:28:26]} {[%emt 00:00:59]} 18.
Nb4+ {[%clk 00:54:47]} {[%emt 00:12:39]} Kb6 {[%clk 01:28:51]} {[%emt
00:00:05]} 19. Nd6 {[%clk 00:50:53]} {[%emt 00:04:24]} Rhf8 {[%clk 01:27:17]}
{[%emt 00:02:04]} 20. c4 {[%clk 00:50:00]} {[%emt 00:01:23]} a5 {[%clk
01:24:17]} {[%emt 00:03:30]} 21. Nd3 {[%clk 00:48:01]} {[%emt 00:02:29]} Kc6
{[%clk 01:23:50]} {[%emt 00:00:57]} 22. c5 {[%clk 00:30:56]} {[%emt 00:17:35]}
b6 {[%clk 01:23:21]} {[%emt 00:00:59]} 23. b4 {[%clk 00:31:19]} {[%emt
00:00:07]} Ne8 {[%clk 01:23:44]} {[%emt 00:00:07]} 24. b5+ {[%clk 00:29:53]}
{[%emt 00:01:55]} Kc7 {[%clk 01:23:50]} {[%emt 00:00:24]} 25. Nxe8+ {[%clk
00:28:38]} {[%emt 00:01:46]} Rfxe8 {[%clk 01:24:00]} {[%emt 00:00:19]} 26. c6
{[%clk 00:23:41]} {[%emt 00:05:28]} Nf6 {[%clk 01:23:55]} {[%emt 00:00:35]} 27.
Ne5 {[%clk 00:23:12]} {[%emt 00:00:58]} Re7 {[%clk 01:24:07]} {[%emt 00:00:18]}
28. h3 {[%clk 00:22:58]} {[%emt 00:00:44]} g5 {[%clk 01:23:44]} {[%emt
00:00:53]} 29. h4 {[%clk 00:19:19]} {[%emt 00:04:09]} g4 {[%clk 01:22:09]}
{[%emt 00:02:05]} 30. fxg4 {[%clk 00:19:15]} {[%emt 00:00:35]} Nxg4 {[%clk
01:22:30]} {[%emt 00:00:09]} 31. Nxg4 {[%clk 00:19:06]} {[%emt 00:00:38]} hxg4
{[%clk 01:22:56]} {[%emt 00:00:04]} 32. g3 {[%clk 00:17:11]} {[%emt 00:02:25]}
Rf8 {[%clk 01:12:58]} {[%emt 00:10:28]} 33. Rde1 {[%clk 00:16:15]} {[%emt
00:01:26]} Kd6 {[%clk 01:12:09]} {[%emt 00:01:20]} 34. Rhf1 {[%clk 00:15:41]}
{[%emt 00:01:04]} f5 {[%clk 01:03:31]} {[%emt 00:09:08]} 35. Rf4 {[%clk
00:13:22]} {[%emt 00:02:49]} Rc7 {[%clk 00:43:59]} {[%emt 00:20:02]} 36. Kd2
{[%clk 00:13:03]} {[%emt 00:00:49]} Ke7 {[%clk 00:42:11]} {[%emt 00:02:17]} 37.
Re5 {[%clk 00:11:57]} {[%emt 00:01:36]} Kf6 {[%clk 00:42:20]} {[%emt 00:00:21]}
38. Rf1 {[%clk 00:11:19]} {[%emt 00:01:08]} Rff7 {[%clk 00:42:26]} {[%emt
00:00:24]} 39. Ke3 {[%clk 00:11:05]} {[%emt 00:00:44]} Rfe7 {[%clk 00:42:44]}
{[%emt 00:00:12]} 40. Kf4 {[%clk 00:11:17]} {[%emt 00:00:19]} Ra7 {[%clk
00:42:59]} {[%emt 00:00:14]} 41. Rfe1 {[%clk 00:11:11]} {[%emt 00:00:36]} Rac7
{[%clk 00:43:20]} {[%emt 00:00:10]} 42. h5 {[%clk 00:10:29]} {[%emt 00:01:12]}
Ra7 {[%clk 00:43:36]} {[%emt 00:00:13]} 43. h6 {[%clk 00:10:21]} {[%emt
00:00:38]} Rac7 {[%clk 00:39:09]} {[%emt 00:04:57]} 44. h7 {[%clk 00:09:18]}
{[%emt 00:01:33]} Rc8 {[%clk 00:39:29]} {[%emt 00:00:10]} 45. Rh1 {[%clk
00:07:49]} {[%emt 00:02:00]} Rh8 {[%clk 00:39:44]} {[%emt 00:00:15]} 46. Rh6+
{[%clk 00:07:50]} {[%emt 00:00:28]} Kf7 {[%clk 00:33:11]} {[%emt 00:07:04]} 47.
Kg5 {[%clk 00:05:40]} {[%emt 00:02:39]} Kf8 {[%clk 00:33:00]} {[%emt 00:00:41]}
48. Rhxe6 {[%clk 00:03:23]} {[%emt 00:02:46]} Rxe6 {[%clk 00:33:16]} {[%emt
00:00:16]} 49. Rxe6 {[%clk 00:03:44]} {[%emt 00:00:08]} Rxh7 {[%clk 00:33:43]}
{[%emt 00:00:03]} 50. Kxf5 {[%clk 00:03:38]} {[%emt 00:00:36]} Rh2 {[%clk
00:34:03]} {[%emt 00:00:11]} 51. c7 {[%clk 00:03:52]} {[%emt 00:00:15]} Rc2
{[%clk 00:34:29]} {[%emt 00:00:04]} 52. Rc6 {[%clk 00:03:38]} {[%emt 00:00:13]}
1-0

[Event "ODJM B 2024"]
[Site "Willingen GER"]
[Date "2024.05.22"]
[Round "5"]
[White "Lampe, Finn"]
[Black "Reuter, Max"]
[Result "1-0"]
[Termination "normal"]
[Board "6"]
[WhiteElo "1688"]
[BlackElo "1712"]
[WhiteClock "00:36:03"]
[BlackClock "00:29:54"]
[PlyCount "61"]
[WhiteFideId "34683437"]
[BlackFideId "16263715"]
[EventCountry "GER"]
[EventRounds "9"]
[EventType "swiss"]
[EventDate "2024.05.18"]

1. e4 {[%clk 01:30:54]} {[%emt 00:00:04]} c5 {[%clk 01:29:09]} {[%emt
00:01:52]} 2. c3 {[%clk 01:31:07]} {[%emt 00:00:17]} d5 {[%clk 01:28:53]}
{[%emt 00:00:46]} 3. exd5 {[%clk 01:31:29]} {[%emt 00:00:08]} Qxd5 {[%clk
01:29:20]} {[%emt 00:00:03]} 4. d4 {[%clk 01:31:56]} {[%emt 00:00:03]} Nf6
{[%clk 01:28:58]} {[%emt 00:00:51]} 5. Nf3 {[%clk 01:30:57]} {[%emt 00:01:30]}
Bg4 {[%clk 01:27:37]} {[%emt 00:02:13]} 6. Be2 {[%clk 01:27:11]} {[%emt
00:03:54]} cxd4 {[%clk 01:26:25]} {[%emt 00:01:43]} 7. cxd4 {[%clk 01:27:18]}
{[%emt 00:00:21]} e6 {[%clk 01:26:03]} {[%emt 00:00:52]} 8. Nc3 {[%clk
01:25:41]} {[%emt 00:02:05]} Bb4 {[%clk 01:23:44]} {[%emt 00:02:51]} 9. O-O
{[%clk 01:21:20]} {[%emt 00:04:51]} Bxc3 {[%clk 01:23:59]} {[%emt 00:00:16]}
10. bxc3 {[%clk 01:21:31]} {[%emt 00:00:18]} O-O {[%clk 01:24:00]} {[%emt
00:00:30]} 11. Qb3 {[%clk 01:17:10]} {[%emt 00:04:50]} a6 {[%clk 01:19:50]}
{[%emt 00:04:40]} 12. c4 {[%clk 01:03:32]} {[%emt 00:14:08]} Qd7 {[%clk
00:48:30]} {[%emt 00:31:49]} 13. Ne5 {[%clk 00:56:40]} {[%emt 00:07:22]} Qxd4
{[%clk 00:48:39]} {[%emt 00:00:22]} 14. Bb2 {[%clk 00:56:54]} {[%emt 00:00:16]}
Qe4 {[%clk 00:46:04]} {[%emt 00:03:05]} 15. Bxg4 {[%clk 00:55:28]} {[%emt
00:01:56]} Nxg4 {[%clk 00:45:54]} {[%emt 00:00:40]} 16. Nxg4 {[%clk 00:54:22]}
{[%emt 00:01:36]} Qxg4 {[%clk 00:45:37]} {[%emt 00:00:47]} 17. Qxb7 {[%clk
00:54:40]} {[%emt 00:00:12]} Nc6 {[%clk 00:44:23]} {[%emt 00:01:45]} 18. Qxc6
{[%clk 00:54:34]} {[%emt 00:00:35]} Rfc8 {[%clk 00:44:39]} {[%emt 00:00:14]}
19. Qf3 {[%clk 00:51:26]} {[%emt 00:03:37]} Qxf3 {[%clk 00:44:30]} {[%emt
00:00:40]} 20. gxf3 {[%clk 00:51:51]} {[%emt 00:00:05]} Rxc4 {[%clk 00:44:54]}
{[%emt 00:00:07]} 21. Rfc1 {[%clk 00:49:38]} {[%emt 00:02:42]} Rf4 {[%clk
00:42:30]} {[%emt 00:02:55]} 22. Rc3 {[%clk 00:49:04]} {[%emt 00:01:04]} h5
{[%clk 00:41:24]} {[%emt 00:01:36]} 23. Rac1 {[%clk 00:47:44]} {[%emt
00:01:49]} Kh7 {[%clk 00:41:04]} {[%emt 00:00:50]} 24. Rc5 {[%clk 00:46:47]}
{[%emt 00:01:28]} Kg6 {[%clk 00:39:15]} {[%emt 00:02:18]} 25. Kg2 {[%clk
00:42:27]} {[%emt 00:04:50]} Ra4 {[%clk 00:35:30]} {[%emt 00:04:15]} 26. Rg1
{[%clk 00:39:54]} {[%emt 00:03:03]} f6 {[%clk 00:33:44]} {[%emt 00:02:16]} 27.
Kf1+ {[%clk 00:39:13]} {[%emt 00:01:11]} Kh6 {[%clk 00:33:36]} {[%emt
00:00:39]} 28. Rc7 {[%clk 00:37:21]} {[%emt 00:02:20]} Rg8 {[%clk 00:33:01]}
{[%emt 00:01:06]} 29. Bxf6 {[%clk 00:36:29]} {[%emt 00:01:22]} Rxa2 {[%clk
00:29:33]} {[%emt 00:03:59]} 30. Bxg7+ {[%clk 00:36:47]} {[%emt 00:00:12]} Kh7
{[%clk 00:29:54]} {[%emt 00:00:08]} 31. Be5+ {[%clk 00:36:03]} {[%emt
00:01:11]} 1-0

[Event "ODJM B 2024"]
[Site "Willingen GER"]
[Date "2024.05.22"]
[Round "5"]
[White "Wildermuth, Nikolas Karl"]
[Black "Bock, Leonas"]
[Result "1-0"]
[Termination "normal"]
[Board "7"]
[WhiteElo "1777"]
[BlackElo "1603"]
[WhiteClock "00:46:28"]
[BlackClock "00:29:40"]
[PlyCount "93"]
[WhiteFideId "16244699"]
[BlackFideId "16287118"]
[EventCountry "GER"]
[EventRounds "9"]
[EventType "swiss"]
[EventDate "2024.05.18"]

1. e4 {[%clk 01:30:51]} {[%emt 00:00:07]} e5 {[%clk 01:30:06]} {[%emt
00:00:55]} 2. Nf3 {[%clk 01:31:14]} {[%emt 00:00:07]} Nc6 {[%clk 01:30:29]}
{[%emt 00:00:07]} 3. Bb5 {[%clk 01:31:39]} {[%emt 00:00:06]} a6 {[%clk
01:30:48]} {[%emt 00:00:10]} 4. Ba4 {[%clk 01:32:04]} {[%emt 00:00:06]} Nf6
{[%clk 01:30:43]} {[%emt 00:00:35]} 5. d4 {[%clk 01:31:35]} {[%emt 00:00:58]}
exd4 {[%clk 01:24:22]} {[%emt 00:06:52]} 6. O-O {[%clk 01:31:31]} {[%emt
00:00:34]} Nxe4 {[%clk 01:24:03]} {[%emt 00:00:48]} 7. Re1 {[%clk 01:31:00]}
{[%emt 00:01:02]} d5 {[%clk 01:24:03]} {[%emt 00:00:30]} 8. Nxd4 {[%clk
01:29:10]} {[%emt 00:02:20]} Bd6 {[%clk 01:22:28]} {[%emt 00:02:05]} 9. g3
{[%clk 01:12:51]} {[%emt 00:16:48]} O-O {[%clk 00:56:04]} {[%emt 00:26:55]} 10.
Nxc6 {[%clk 01:03:51]} {[%emt 00:09:30]} bxc6 {[%clk 00:53:51]} {[%emt
00:02:42]} 11. Bxc6 {[%clk 01:02:31]} {[%emt 00:01:50]} Rb8 {[%clk 00:52:45]}
{[%emt 00:01:36]} 12. Qxd5 {[%clk 00:56:09]} {[%emt 00:06:52]} Nf6 {[%clk
00:50:58]} {[%emt 00:02:17]} 13. Qd3 {[%clk 00:50:04]} {[%emt 00:06:35]} Rb6
{[%clk 00:39:02]} {[%emt 00:12:26]} 14. Bf3 {[%clk 00:46:53]} {[%emt 00:03:40]}
Re8 {[%clk 00:36:56]} {[%emt 00:02:37]} 15. Rxe8+ {[%clk 00:41:09]} {[%emt
00:06:13]} Qxe8 {[%clk 00:36:47]} {[%emt 00:00:40]} 16. Qe2 {[%clk 00:39:20]}
{[%emt 00:02:18]} Be5 {[%clk 00:33:08]} {[%emt 00:04:09]} 17. c3 {[%clk
00:34:08]} {[%emt 00:05:43]} Bf5 {[%clk 00:27:46]} {[%emt 00:05:51]} 18. Be3
{[%clk 00:31:32]} {[%emt 00:03:06]} Rd6 {[%clk 00:25:09]} {[%emt 00:03:07]} 19.
Nd2 {[%clk 00:29:25]} {[%emt 00:02:37]} Bd3 {[%clk 00:21:22]} {[%emt 00:04:17]}
20. Qe1 {[%clk 00:28:17]} {[%emt 00:01:39]} Rd8 {[%clk 00:17:49]} {[%emt
00:04:02]} 21. Nb3 {[%clk 00:25:28]} {[%emt 00:03:20]} Ne4 {[%clk 00:07:41]}
{[%emt 00:10:38]} 22. Rd1 {[%clk 00:23:45]} {[%emt 00:02:13]} f5 {[%clk
00:06:51]} {[%emt 00:01:20]} 23. Nd4 {[%clk 00:20:57]} {[%emt 00:03:18]} Bxd4
{[%clk 00:04:45]} {[%emt 00:02:36]} 24. Rxd3 {[%clk 00:19:50]} {[%emt
00:01:35]} Ng5 {[%clk 00:01:21]} {[%emt 00:03:55]} 25. Qd1 {[%clk 00:20:15]}
{[%emt 00:00:05]} Bf6 {[%clk 00:00:56]} {[%emt 00:00:56]} 26. Bxg5 {[%clk
00:18:18]} {[%emt 00:02:26]} Bxg5 {[%clk 00:01:16]} {[%emt 00:00:11]} 27. Bd5+
{[%clk 00:17:13]} {[%emt 00:01:35]} Kf8 {[%clk 00:01:15]} {[%emt 00:00:29]} 28.
Qf3 {[%clk 00:16:14]} {[%emt 00:01:30]} Qe5 {[%clk 00:00:48]} {[%emt 00:00:57]}
29. c4 {[%clk 00:15:59]} {[%emt 00:00:46]} g6 {[%clk 00:00:45]} {[%emt
00:00:33]} 30. h4 {[%clk 00:15:31]} {[%emt 00:00:58]} Bf6 {[%clk 00:00:55]}
{[%emt 00:00:20]} 31. Re3 {[%clk 00:14:33]} {[%emt 00:01:28]} Qxb2 {[%clk
00:00:58]} {[%emt 00:00:27]} 32. Qf4 {[%clk 00:14:06]} {[%emt 00:00:57]} Qb6
{[%clk 00:00:34]} {[%emt 00:00:53]} 33. Qh6+ {[%clk 00:13:37]} {[%emt
00:00:59]} Bg7 {[%clk 00:00:51]} {[%emt 00:00:14]} 34. Qxh7 {[%clk 00:13:42]}
{[%emt 00:00:25]} Qb1+ {[%clk 00:00:36]} {[%emt 00:00:44]} 35. Kg2 {[%clk
00:13:59]} {[%emt 00:00:14]} Rxd5 {[%clk 00:00:33]} {[%emt 00:00:32]} 36. cxd5
{[%clk 00:14:24]} {[%emt 00:00:05]} Qb6 {[%clk 00:00:54]} {[%emt 00:00:09]} 37.
Re6 {[%clk 00:14:31]} {[%emt 00:00:24]} Qd4 {[%clk 00:00:46]} {[%emt 00:00:37]}
38. Qxg6 {[%clk 00:14:43]} {[%emt 00:00:18]} Qxd5+ {[%clk 00:01:09]} {[%emt
00:00:07]} 39. Kh2 {[%clk 00:15:09]} {[%emt 00:00:05]} Qd7 {[%clk 00:01:24]}
{[%emt 00:00:14]} 40. Qxf5+ {[%clk 00:15:27]} {[%emt 00:00:12]} Kg8 {[%clk
00:00:52]} {[%emt 00:01:02]} 41. Qg6 {[%clk 00:15:45]} {[%emt 00:00:12]} Kf8
{[%clk 00:30:17]} {[%emt 00:01:06]} 42. h5 {[%clk 00:45:17]} {[%emt 00:00:57]}
c5 {[%clk 00:29:28]} {[%emt 00:01:18]} 43. h6 {[%clk 00:45:35]} {[%emt
00:00:13]} Bh8 {[%clk 00:29:44]} {[%emt 00:00:14]} 44. h7 {[%clk 00:45:36]}
{[%emt 00:00:30]} Bg7 {[%clk 00:29:45]} {[%emt 00:00:29]} 45. Rf6+ {[%clk
00:45:45]} {[%emt 00:00:20]} Bxf6 {[%clk 00:29:29]} {[%emt 00:00:47]} 46. Qxf6+
{[%clk 00:46:09]} {[%emt 00:00:05]} Qf7 {[%clk 00:29:40]} {[%emt 00:00:20]} 47.
h8=R# {[%clk 00:46:28]} {[%emt 00:00:10]} 1-0

[Event "ODJM B 2024"]
[Site "Willingen GER"]
[Date "2024.05.22"]
[Round "5"]
[White "Kelembet, Maksym"]
[Black "Seifert, Hendrik"]
[Result "1-0"]
[Termination "normal"]
[Board "8"]
[WhiteElo "1611"]
[BlackElo "1748"]
[WhiteClock "00:13:23"]
[BlackClock "00:02:09"]
[PlyCount "97"]
[WhiteFideId "34684735"]
[BlackFideId "16241193"]
[EventCountry "GER"]
[EventRounds "9"]
[EventType "swiss"]
[EventDate "2024.05.18"]

1. Nf3 {[%clk 01:30:59]} {[%emt 00:00:01]} d5 {[%clk 01:30:45]} {[%emt
00:00:07]} 2. d4 {[%clk 01:31:26]} {[%emt 00:00:11]} e6 {[%clk 01:31:08]}
{[%emt 00:00:06]} 3. c4 {[%clk 01:31:53]} {[%emt 00:00:04]} a6 {[%clk
01:31:33]} {[%emt 00:00:05]} 4. cxd5 {[%clk 01:32:01]} {[%emt 00:00:22]} exd5
{[%clk 01:31:40]} {[%emt 00:00:22]} 5. Nc3 {[%clk 01:32:24]} {[%emt 00:00:08]}
Nf6 {[%clk 01:31:40]} {[%emt 00:00:29]} 6. Bg5 {[%clk 01:32:47]} {[%emt
00:00:08]} Be7 {[%clk 01:31:14]} {[%emt 00:00:56]} 7. Qc2 {[%clk 01:33:04]}
{[%emt 00:00:13]} O-O {[%clk 01:28:46]} {[%emt 00:02:57]} 8. e3 {[%clk
01:33:22]} {[%emt 00:00:13]} c6 {[%clk 01:28:40]} {[%emt 00:00:36]} 9. Bd3
{[%clk 01:33:46]} {[%emt 00:00:06]} h6 {[%clk 01:29:01]} {[%emt 00:00:08]} 10.
Bh4 {[%clk 01:34:09]} {[%emt 00:00:07]} Be6 {[%clk 01:27:52]} {[%emt 00:01:39]}
11. O-O {[%clk 01:34:31]} {[%emt 00:00:09]} Nbd7 {[%clk 01:26:35]} {[%emt
00:01:47]} 12. Rab1 {[%clk 01:33:00]} {[%emt 00:02:01]} Rc8 {[%clk 01:23:12]}
{[%emt 00:03:53]} 13. b4 {[%clk 01:30:59]} {[%emt 00:02:32]} b5 {[%clk
01:21:17]} {[%emt 00:02:25]} 14. Rfc1 {[%clk 01:22:49]} {[%emt 00:08:40]} Nb6
{[%clk 01:18:26]} {[%emt 00:03:20]} 15. Ne5 {[%clk 01:21:56]} {[%emt 00:01:23]}
Nc4 {[%clk 01:15:32]} {[%emt 00:03:24]} 16. Bxc4 {[%clk 01:12:43]} {[%emt
00:09:43]} dxc4 {[%clk 01:13:56]} {[%emt 00:02:06]} 17. h3 {[%clk 01:09:24]}
{[%emt 00:03:49]} Nd5 {[%clk 01:09:56]} {[%emt 00:04:29]} 18. Bxe7 {[%clk
01:07:55]} {[%emt 00:02:00]} Qxe7 {[%clk 01:09:43]} {[%emt 00:00:43]} 19. a3
{[%clk 01:03:02]} {[%emt 00:05:23]} Rfe8 {[%clk 01:01:16]} {[%emt 00:08:56]}
20. Rb2 {[%clk 00:37:25]} {[%emt 00:26:08]} f6 {[%clk 00:47:48]} {[%emt
00:13:57]} 21. Ng6 {[%clk 00:36:43]} {[%emt 00:01:12]} Qd7 {[%clk 00:41:53]}
{[%emt 00:06:26]} 22. Nxd5 {[%clk 00:28:43]} {[%emt 00:08:30]} cxd5 {[%clk
00:30:09]} {[%emt 00:12:13]} 23. Nf4 {[%clk 00:27:09]} {[%emt 00:02:05]} Bf5
{[%clk 00:22:29]} {[%emt 00:08:10]} 24. Qc3 {[%clk 00:27:06]} {[%emt 00:00:33]}
Bh7 {[%clk 00:21:01]} {[%emt 00:01:58]} 25. Ra1 {[%clk 00:25:56]} {[%emt
00:01:41]} g5 {[%clk 00:13:39]} {[%emt 00:07:51]} 26. Nh5 {[%clk 00:20:48]}
{[%emt 00:05:38]} Qf7 {[%clk 00:13:47]} {[%emt 00:00:21]} 27. Ng3 {[%clk
00:20:48]} {[%emt 00:00:30]} Be4 {[%clk 00:09:18]} {[%emt 00:04:59]} 28. Nxe4
{[%clk 00:20:41]} {[%emt 00:00:38]} dxe4 {[%clk 00:05:28]} {[%emt 00:04:20]}
29. a4 {[%clk 00:20:15]} {[%emt 00:00:56]} Ra8 {[%clk 00:05:49]} {[%emt
00:00:09]} 30. Rba2 {[%clk 00:20:23]} {[%emt 00:00:22]} Qd5 {[%clk 00:05:34]}
{[%emt 00:00:45]} 31. Qa3 {[%clk 00:13:15]} {[%emt 00:07:38]} Rac8 {[%clk
00:04:40]} {[%emt 00:01:24]} 32. Qc3 {[%clk 00:11:26]} {[%emt 00:02:20]} f5
{[%clk 00:04:00]} {[%emt 00:01:10]} 33. axb5 {[%clk 00:07:18]} {[%emt
00:04:37]} axb5 {[%clk 00:04:16]} {[%emt 00:00:14]} 34. Ra6 {[%clk 00:07:43]}
{[%emt 00:00:06]} Ra8 {[%clk 00:03:24]} {[%emt 00:01:22]} 35. Rxh6 {[%clk
00:07:28]} {[%emt 00:00:44]} Rxa1+ {[%clk 00:03:28]} {[%emt 00:00:27]} 36. Qxa1
{[%clk 00:07:42]} {[%emt 00:00:16]} Ra8 {[%clk 00:03:37]} {[%emt 00:00:20]} 37.
Qc3 {[%clk 00:07:19]} {[%emt 00:00:53]} Kg7 {[%clk 00:02:59]} {[%emt 00:01:08]}
38. Rb6 {[%clk 00:07:12]} {[%emt 00:00:36]} Ra2 {[%clk 00:01:15]} {[%emt
00:02:15]} 39. Rb8 {[%clk 00:04:21]} {[%emt 00:03:22]} f4 {[%clk 00:00:58]}
{[%emt 00:00:46]} 40. Re8 {[%clk 00:02:37]} {[%emt 00:02:14]} Kf7 {[%clk
00:00:47]} {[%emt 00:00:41]} 41. Re5 {[%clk 00:02:55]} {[%emt 00:00:11]} Qc6
{[%clk 00:14:04]} {[%emt 00:17:14]} 42. Rxg5 {[%clk 00:32:05]} {[%emt
00:01:20]} f3 {[%clk 00:07:44]} {[%emt 00:06:50]} 43. gxf3 {[%clk 00:16:22]}
{[%emt 00:16:13]} Qf6 {[%clk 00:07:48]} {[%emt 00:00:26]} 44. f4 {[%clk
00:16:11]} {[%emt 00:00:42]} Qh6 {[%clk 00:06:57]} {[%emt 00:01:21]} 45. Rxb5
{[%clk 00:13:48]} {[%emt 00:02:52]} Qxh3 {[%clk 00:03:02]} {[%emt 00:04:23]}
46. Qxc4+ {[%clk 00:13:47]} {[%emt 00:00:33]} Kf6 {[%clk 00:02:27]} {[%emt
00:01:04]} 47. Qc6+ {[%clk 00:12:31]} {[%emt 00:01:46]} Qe6 {[%clk 00:01:45]}
{[%emt 00:01:11]} 48. Qxe6+ {[%clk 00:12:57]} {[%emt 00:00:05]} Kxe6 {[%clk
00:02:09]} {[%emt 00:00:07]} 49. Re5+ {[%clk 00:13:23]} {[%emt 00:00:04]} 1-0

[Event "ODJM B 2024"]
[Site "Willingen GER"]
[Date "2024.05.22"]
[Round "5"]
[White "Lieb, Max"]
[Black "Klein, Raphael"]
[Result "1-0"]
[Termination "normal"]
[Board "9"]
[WhiteElo "1662"]
[BlackElo "1673"]
[WhiteClock "00:48:11"]
[BlackClock "00:01:03"]
[PlyCount "71"]
[WhiteFideId "34630651"]
[BlackFideId "16283791"]
[EventCountry "GER"]
[EventRounds "9"]
[EventType "swiss"]
[EventDate "2024.05.18"]

1. d4 {[%clk 01:30:58]} {[%emt 00:00:02]} d5 {[%clk 01:30:55]} {[%emt
00:00:05]} 2. c4 {[%clk 01:31:23]} {[%emt 00:00:06]} e6 {[%clk 01:31:21]}
{[%emt 00:00:03]} 3. Nf3 {[%clk 01:31:48]} {[%emt 00:00:05]} Nf6 {[%clk
01:31:45]} {[%emt 00:00:06]} 4. g3 {[%clk 01:32:13]} {[%emt 00:00:05]} Bb4+
{[%clk 01:32:10]} {[%emt 00:00:06]} 5. Bd2 {[%clk 01:32:35]} {[%emt 00:00:07]}
a5 {[%clk 01:32:33]} {[%emt 00:00:07]} 6. Bg2 {[%clk 01:31:37]} {[%emt
00:01:28]} O-O {[%clk 01:32:53]} {[%emt 00:00:10]} 7. O-O {[%clk 01:31:55]}
{[%emt 00:00:12]} dxc4 {[%clk 01:32:31]} {[%emt 00:00:53]} 8. Qc2 {[%clk
01:31:02]} {[%emt 00:01:22]} b5 {[%emt 00:03:30]} 9. a4 {[%clk 01:28:59]}
{[%emt 00:02:16]} Bb7 {[%clk 01:07:26]} {[%emt 00:22:52]} 10. axb5 {[%clk
01:28:18]} {[%emt 00:01:12]} Be4 {[%clk 01:06:22]} {[%emt 00:01:34]} 11. Qxc4
{[%clk 01:25:56]} {[%emt 00:02:52]} Nd5 {[%clk 01:03:09]} {[%emt 00:03:43]} 12.
Bxb4 {[%clk 01:23:34]} {[%emt 00:02:52]} Nxb4 {[%clk 01:02:37]} {[%emt
00:01:02]} 13. Nbd2 {[%clk 01:20:24]} {[%emt 00:03:41]} Bd5 {[%clk 01:01:10]}
{[%emt 00:01:56]} 14. Qc3 {[%clk 01:17:48]} {[%emt 00:03:06]} Qd7 {[%clk
00:56:32]} {[%emt 00:05:08]} 15. e4 {[%clk 01:13:41]} {[%emt 00:04:36]} Bb7
{[%clk 00:56:08]} {[%emt 00:00:54]} 16. Rfc1 {[%clk 01:11:55]} {[%emt
00:02:16]} Qxb5 {[%clk 00:51:36]} {[%emt 00:05:03]} 17. Qxc7 {[%clk 01:10:39]}
{[%emt 00:01:45]} N8c6 {[%clk 00:50:45]} {[%emt 00:01:22]} 18. Bf1 {[%clk
01:02:48]} {[%emt 00:08:20]} Nd3 {[%clk 00:44:13]} {[%emt 00:07:02]} 19. Bxd3
{[%clk 00:59:44]} {[%emt 00:03:34]} Qxd3 {[%clk 00:40:38]} {[%emt 00:04:05]}
20. Qxb7 {[%clk 00:58:22]} {[%emt 00:01:52]} Nxd4 {[%clk 00:39:46]} {[%emt
00:01:22]} 21. Rc3 {[%clk 00:55:27]} {[%emt 00:03:25]} Ne2+ {[%clk 00:38:57]}
{[%emt 00:01:20]} 22. Kg2 {[%clk 00:55:18]} {[%emt 00:00:39]} Nxc3 {[%clk
00:38:28]} {[%emt 00:00:58]} 23. bxc3 {[%clk 00:55:42]} {[%emt 00:00:06]} Qxc3
{[%clk 00:37:23]} {[%emt 00:01:35]} 24. Ra4 {[%clk 00:54:28]} {[%emt 00:01:44]}
Rfb8 {[%clk 00:31:46]} {[%emt 00:06:07]} 25. Qe7 {[%clk 00:54:29]} {[%emt
00:00:29]} Rc8 {[%clk 00:29:12]} {[%emt 00:03:04]} 26. e5 {[%clk 00:54:48]}
{[%emt 00:00:12]} Qc6 {[%clk 00:26:05]} {[%emt 00:03:36]} 27. Rf4 {[%clk
00:54:33]} {[%emt 00:00:46]} Rc7 {[%clk 00:25:47]} {[%emt 00:00:48]} 28. Qg5
{[%clk 00:54:27]} {[%emt 00:00:36]} Qc2 {[%clk 00:12:01]} {[%emt 00:14:15]} 29.
Ne4 {[%clk 00:53:57]} {[%emt 00:01:01]} a4 {[%clk 00:06:43]} {[%emt 00:05:48]}
30. Rg4 {[%clk 00:52:15]} {[%emt 00:02:12]} Kf8 {[%clk 00:01:18]} {[%emt
00:05:55]} 31. Qxg7+ {[%clk 00:52:27]} {[%emt 00:00:17]} Ke7 {[%clk 00:01:33]}
{[%emt 00:00:16]} 32. Qf6+ {[%clk 00:52:02]} {[%emt 00:00:54]} Kd7 {[%clk
00:01:34]} {[%emt 00:00:29]} 33. Qxf7+ {[%clk 00:52:21]} {[%emt 00:00:12]} Kc8
{[%clk 00:01:06]} {[%emt 00:00:57]} 34. Nd6+ {[%clk 00:47:48]} {[%emt
00:05:04]} Kb8 {[%clk 00:01:19]} {[%emt 00:00:17]} 35. Qe8+ {[%clk 00:48:04]}
{[%emt 00:00:13]} Ka7 {[%clk 00:01:03]} {[%emt 00:00:46]} 36. Rxa4+ {[%clk
00:48:11]} {[%emt 00:00:24]} 1-0